[Event "Preferente Aragonesa Grupo A"]
[Site "?"]
[Date "2017.02.04"]
[Round "2.51"]
[White "Mombiela De Sus, Jose Luis"]
[Black "Puertolas Serena, Arturo"]
[Result "1-0"]
[WhiteElo "1911"]
[BlackElo "1832"]
[PlyCount "87"]
[EventDate "2017.01.28"]
[WhiteTeam "Las Fuentes"]
[BlackTeam "L'Aurora Estadilla B"]

1. e4 c6 2. d3 d5 3. Nd2 Nf6 4. Ngf3 Bg4 5. h3 Bxf3 6. Qxf3 e6 7. Qe2 Qc7 8. g3
Be7 9. Bg2 Na6 10. a3 Qb6 11. O-O Nc7 12. Re1 Nb5 13. a4 Nd4 14. Qd1 dxe4 15.
Nc4 Qd8 16. dxe4 c5 17. Bf4 O-O 18. c3 Nc6 19. Qe2 Ne8 20. Red1 Qc8 21. a5 g5
22. Be3 f6 23. e5 f5 24. f4 gxf4 25. Bxf4 Ng7 26. a6 b6 27. Nd6 Qc7 28. b4 Rad8
29. bxc5 bxc5 30. Rab1 Na5 31. Qa2 c4 32. Rb5 Nb3 33. Qe2 Rb8 34. Rb7 Rxb7 35.
axb7 Na5 36. Qf2 a6 37. Be3 Nc6 38. Bb6 Qd7 39. Nc8 Qxd1+ 40. Kh2 Nb8 41. Nxe7+
Kf7 42. Nc6 Qd7 43. Qc5 Rc8 44. bxc8=Q 1-0

[Event "Preferente Aragonesa Grupo A"]
[Site "?"]
[Date "2017.02.04"]
[Round "2.52"]
[White "Rodriguez Avellanas, Jose Manu"]
[Black "Javierre Conesa, Alfonso"]
[Result "0-1"]
[WhiteElo "1730"]
[BlackElo "1906"]
[PlyCount "104"]
[EventDate "2017.01.28"]
[WhiteTeam "L'Aurora Estadilla B"]
[BlackTeam "Las Fuentes"]

1. c4 c6 2. d4 d5 3. e3 Nf6 4. Nc3 Bf5 5. Nf3 e6 6. Be2 Be7 7. O-O h6 8. a3
Nbd7 9. h3 O-O 10. cxd5 exd5 11. Bd3 Ne4 12. Bxe4 dxe4 13. Nd2 Nf6 14. f3 exf3
15. Nxf3 Bg6 16. Ne5 Bh7 17. Qf3 Bd6 18. Ng4 Nxg4 19. Qxg4 f5 20. Qf3 Bc7 21.
d5 Qd6 22. Qf4 Qe7 23. Qf3 Qd6 24. Qf4 Rad8 25. Qxd6 Rxd6 26. dxc6 bxc6 27. g3
g5 28. Kg2 Re8 29. Rd1 Rxd1 30. Nxd1 Bb6 31. Bd2 f4 32. gxf4 gxf4 33. Kf3 Be4+
34. Ke2 Bf5 35. Rc1 Bxh3 36. Rxc6 Kh7 37. Rf6 Bg4+ 38. Ke1 Bxd1 39. Kxd1 fxe3
40. Bc3 e2+ 41. Ke1 h5 42. Rf7+ Kg6 43. Rg7+ Kf5 44. Rg2 Kf4 45. Bd2+ Kf3 46.
Rh2 h4 47. Bc3 Kg3 48. Rxe2 Rxe2+ 49. Kxe2 Kg2 50. Be5 Bf2 51. b4 Bg3 52. Bxg3
hxg3 0-1

[Event "Preferente Aragonesa Grupo B"]
[Site "Aragon"]
[Date "2017.02.04"]
[Round "2.53"]
[White "Neila Castillo, Miguel Angel"]
[Black "Carruez Berges, Santiago"]
[Result "1-0"]
[WhiteElo "2115"]
[BlackElo "2030"]
[PlyCount "55"]
[EventDate "2017.01.28"]
[WhiteTeam "Delicias B"]
[BlackTeam "Agrupacion B"]

1. e4 g6 2. d4 Bg7 3. Nc3 d6 4. Be3 c6 5. Qd2 b5 6. f3 Nd7 7. h4 h5 8. Nh3 Nb6
9. b3 b4 10. Ne2 a5 11. Rd1 d5 12. Ng5 Nh6 13. e5 O-O 14. Nf4 Nf5 15. Bf2 c5
16. g4 hxg4 17. fxg4 Nxd4 18. Bxd4 cxd4 19. h5 Qc7 20. Qh2 Qxe5+ 21. Be2 Qxg5
22. hxg6 Bh6 23. Qxh6 Qxh6 24. Rxh6 fxg6 25. Rxg6+ Kh7 26. Bd3 Rxf4 27. Rf6+
Bf5 28. Bxf5+ 1-0

[Event "Preferente Aragonesa Grupo B"]
[Site "Aragon"]
[Date "2017.02.04"]
[Round "2.54"]
[White "Mimbela Lopez, Luis"]
[Black "Aranda Lozano, Jorge"]
[Result "1-0"]
[WhiteElo "2023"]
[BlackElo "1653"]
[PlyCount "104"]
[EventDate "2017.01.28"]
[WhiteTeam "Agrupacion B"]
[BlackTeam "Delicias B"]

1. d4 Nf6 2. Nf3 d5 3. e3 Bf5 4. c4 e6 5. Nc3 Nbd7 6. Qb3 dxc4 7. Bxc4 Nb6 8.
Be2 Be7 9. O-O O-O 10. Ne5 Nfd7 11. e4 Nxe5 12. dxe5 Bg6 13. Rd1 Qc8 14. Be3
Rd8 15. a4 Nd7 16. f4 Nc5 17. Qc4 b6 18. b4 Nd7 19. a5 Rb8 20. Nb5 bxa5 21.
Nxa7 Qb7 22. Nc6 Bxb4 23. Nxb8 Qxb8 24. Qc6 Nf8 25. Rxd8 Qxd8 26. Rd1 Qe7 27.
g3 h6 28. Kf2 Bh7 29. Bf3 g5 30. Rc1 gxf4 31. Bxf4 Ng6 32. Bxh6 f6 33. exf6
Qxf6 34. Qe8+ Bf8 35. Rxc7 Qb2+ 36. Kf1 Qa1+ 37. Rc1 Qf6 38. Kg2 Nh4+ 39. gxh4
Qxh6 40. Rg1 Kh8 41. h5 Qd2+ 42. Kh3 Qf4 43. Rg3 Qf6 44. Qa8 Qf4 45. Qxa5 e5
46. Qd8 Qf7 47. Qg5 Bg7 48. h6 Qd7+ 49. Bg4 Qf7 50. Qxg7+ Qxg7 51. hxg7+ Kxg7
52. Bf5+ Kh8 1-0

[Event "Preferente Aragonesa Grupo B"]
[Site "Aragon"]
[Date "2017.02.04"]
[Round "2.55"]
[White "Sanchez Perez, Jose Felix"]
[Black "Garcia Morales, Roberto"]
[Result "0-1"]
[WhiteElo "1554"]
[BlackElo "2005"]
[PlyCount "52"]
[EventDate "2017.01.28"]
[WhiteTeam "Delicias B"]
[BlackTeam "Agrupacion B"]

1. d4 d5 2. Bf4 Nf6 3. e3 g6 4. c4 c6 5. Nc3 Bg7 6. Nf3 Qb6 7. Qc1 O-O 8. Be2
Bf5 9. O-O Nbd7 10. Re1 Rac8 11. c5 Qd8 12. h3 h6 13. Nh2 g5 14. Bg3 Re8 15. f4
Qc7 16. Qd1 b6 17. b4 bxc5 18. bxc5 gxf4 19. Bxf4 e5 20. Bg3 Qa5 21. Rc1 exd4
22. exd4 Re3 23. Bf4 Rxc3 24. Bd2 Rxc1 25. Qxc1 Ne4 26. Bxa5 Bxd4+ 0-1

[Event "Preferente Aragonesa Grupo B"]
[Site "Aragon"]
[Date "2017.02.04"]
[Round "2.57"]
[White "Cajo Esteban, Ruben"]
[Black "Lopez Caudevilla, David"]
[Result "0-1"]
[WhiteElo "1867"]
[BlackElo "2073"]
[PlyCount "64"]
[EventDate "2017.01.28"]
[WhiteTeam "Dr. Azua"]
[BlackTeam "Actur Rey Fernando"]

1. e4 g6 2. d4 Bg7 3. Nc3 d6 4. Bg5 h6 5. Be3 a6 6. f4 b5 7. Nf3 Bb7 8. Bd3 Nf6
9. e5 Nd5 10. Qd2 e6 11. Be4 Nxe3 12. Qxe3 d5 13. Bd3 Nd7 14. g4 h5 15. gxh5
Rxh5 16. h4 c5 17. Be2 Bf8 18. Ng5 cxd4 19. Qxd4 Bc5 20. Qd3 Rh6 21. Bf3 Qb6
22. Nxd5 exd5 23. Bxd5 Bf2+ 24. Ke2 Bxh4 25. Raf1 Bxg5 26. fxg5 Rxh1 27. Rxh1
O-O-O 28. Rd1 Nc5 29. Qh3+ Ne6 30. Bxb7+ Qxb7 31. Qc3+ Qc7 32. Qxc7+ Kxc7 0-1

[Event "Preferente Aragonesa Grupo B"]
[Site "Aragon"]
[Date "2017.02.04"]
[Round "2.58"]
[White "Serrano San Nicolas, Angel"]
[Black "Lebron Duran, Jose Maria"]
[Result "1/2-1/2"]
[WhiteElo "2000"]
[BlackElo "1813"]
[PlyCount "119"]
[EventDate "2017.01.28"]
[WhiteTeam "Actur Rey Fernando"]
[BlackTeam "Dr. Azua"]

1. e4 e5 2. f4 exf4 3. Nf3 Be7 4. Bc4 Nf6 5. e5 Ne4 6. d3 Bh4+ 7. Ke2 d5 8.
dxe4 dxc4 9. Qxd8+ Bxd8 10. Bxf4 Nc6 11. Na3 Be6 12. c3 Be7 13. Nc2 O-O-O 14.
Rad1 Bg4 15. Ne3 Be6 16. Nd4 g6 17. Rd2 h5 18. h3 Na5 19. Rhd1 a6 20. Kf3 b5
21. Ndc2 Nb7 22. Nd5 Bxd5 23. exd5 Nc5 24. Nb4 Rhe8 25. Be3 Bf8 26. Bxc5 Bxc5
27. Nc6 Rd7 28. Ke4 Kb7 29. Rf1 Bf8 30. Rdf2 f5+ 31. Rxf5 gxf5+ 32. Rxf5 Bg7
33. Rxh5 Bf8 34. Rh8 Rg7 35. g4 Kc8 36. e6 Rg6 37. Kf5 Rh6 38. Rxh6 Bxh6 39. g5
Bf8 40. h4 b4 41. h5 b3 42. axb3 cxb3 43. Nd4 Rd8 44. Ke4 Be7 45. g6 Bf6 46. h6
Rg8 47. Kf5 Rf8 48. Kg4 Kd8 49. Nc6+ Ke8 50. g7 Rg8 51. Kf5 Bxg7 52. hxg7 Rxg7
53. Nd4 Rg2 54. Nxb3 Rxb2 55. Nc5 a5 56. Ke5 Ke7 57. Kd4 Rh2 58. Kc4 Kd6 59.
Nb7+ Ke7 60. Nxa5 1/2-1/2

[Event "Preferente Aragonesa Grupo B"]
[Site "Aragon"]
[Date "2017.02.04"]
[Round "2.59"]
[White "Garcia Garcia, Enrique"]
[Black "Aviol Perez, Jose Mariano"]
[Result "1-0"]
[WhiteElo "1709"]
[BlackElo "1842"]
[PlyCount "69"]
[EventDate "2017.01.28"]
[WhiteTeam "Dr. Azua"]
[BlackTeam "Actur Rey Fernando"]

1. c4 Nf6 2. d4 e6 3. Nf3 d5 4. Nc3 c6 5. Bg5 dxc4 6. a4 Bb4 7. e3 Qa5 8. Bxf6
Bxc3+ 9. bxc3 Qxc3+ 10. Nd2 gxf6 11. Bxc4 Rg8 12. O-O Qa5 13. Ne4 Nd7 14. Qf3
Ke7 15. Qf4 Qf5 16. Qd6+ Ke8 17. f3 Nb6 18. Bd3 Qg6 19. Rf2 f5 20. Nc3 Nd5 21.
Nb5 a6 22. Nc7+ Nxc7 23. Qxc7 Qg5 24. Re1 Qd8 25. Qe5 Qd5 26. Qf6 b5 27. axb5
axb5 28. e4 Qd8 29. Qe5 Ra4 30. d5 f6 31. Qc3 fxe4 32. fxe4 e5 33. Qxc6+ Qd7
34. Bxb5 Rb4 35. Qxc8+ 1-0

[Event "Preferente Aragonesa Grupo B"]
[Site "Aragon"]
[Date "2017.02.04"]
[Round "2.60"]
[White "Leon Dionis, Mateo"]
[Black "Muro Guerrero, Miguel"]
[Result "1-0"]
[WhiteElo "1770"]
[BlackElo "1639"]
[PlyCount "77"]
[EventDate "2017.01.28"]
[WhiteTeam "Actur Rey Fernando"]
[BlackTeam "Dr. Azua"]

1. d4 d5 2. Nf3 Nf6 3. c4 e6 4. Nc3 c6 5. e3 Be7 6. Be2 dxc4 7. Bxc4 b5 8. Be2
Bb7 9. O-O Nbd7 10. a3 O-O 11. Bd2 a6 12. Rc1 Rc8 13. b4 Bd6 14. e4 Bc7 15. e5
Nd5 16. Nxd5 cxd5 17. Bg5 f6 18. exf6 Nxf6 19. Ne5 Qe8 20. Bxf6 Rxf6 21. Bh5 g6
22. Bf3 Bb6 23. Rxc8 Qxc8 24. Re1 Rf4 25. Bg4 Bxd4 26. Nd3 Rf6 27. Nf4 Bxf2+
28. Kxf2 Rxf4+ 29. Kg1 Rf6 30. Qe2 Kf7 31. Qe3 Qc6 32. Rc1 Qd7 33. Qb6 e5 34.
Qxf6+ Kxf6 35. Bxd7 e4 36. Rc7 e3 37. Rxb7 d4 38. Bg4 d3 39. Rd7 1-0

[Event "Preferente Aragonesa Grupo B"]
[Site "Aragon"]
[Date "2017.02.04"]
[Round "2.61"]
[White "Gil Capape, Marco Antonio"]
[Black "Fabre Perez, Jose Maria"]
[Result "1-0"]
[WhiteElo "2110"]
[BlackElo "1978"]
[PlyCount "117"]
[EventDate "2017.01.28"]
[WhiteTeam "Caissa-Hnos Cortes"]
[BlackTeam "Marcos Frechin B"]

1. e4 e6 2. d4 d5 3. e5 c5 4. Nf3 Nc6 5. Bd3 cxd4 6. O-O f6 7. Re1 fxe5 8. Nxe5
Nf6 9. Nd2 Bd6 10. Ndf3 Qc7 11. Qe2 O-O 12. h3 Nb4 13. Nxd4 Nxd3 14. cxd3 a6
15. Ndf3 Nd7 16. d4 Nxe5 17. Nxe5 Bxe5 18. Qxe5 Qxe5 19. Rxe5 Rf5 20. Re2 Bd7
21. Bd2 Rc8 22. Bb4 Rc6 23. Rae1 Bc8 24. Bc3 Rf7 25. Re5 Rc4 26. R1e3 Rfc7 27.
a3 Rf7 28. Kf1 Bd7 29. Ke1 Rf6 30. g3 Kf7 31. f4 Rf5 32. Kd2 a5 {?} 33. b3 Rc6
34. Bxa5 h5 35. Bb4 Kf6 36. Rf3 Rxe5 37. fxe5+ Kg6 38. Be7 Rc7 39. Bd6 Rc8 40.
a4 Be8 41. Bc5 Kg5 42. Bf8 Kg6 43. h4 Rc7 44. Bd6 Rf7 45. Rc3 Kf5 46. Rc8 Bc6
47. a5 Bb5 48. Rc5 Bf1 49. b4 Ke4 50. b5 Bd3 51. a6 bxa6 52. b6 Rb7 53. Rc3 Bc4
54. Bc7 Kxd4 55. Rf3 a5 {?} (55... Kc5 56. Rf7 g6 57. Rf6 d4 58. Rxg6 Ba2 59.
g4 hxg4 60. h5 Bb1 61. Rxg4 a5 62. Rg7 a4 63. h6 Kc4 64. Kc1 Be4 65. h7 Bxh7
66. Rxh7 a3 67. Rh3 d3 68. Kd2 a2 69. Rh1 Kb3 70. Kxd3 Kb4 71. Kd4 Kb5 72. Ra1
{+-}) 56. Bd6 {!} Bd3 57. Rxd3+ Kc4 58. Bc7 a4 59. Kc2 1-0

[Event "Preferente Aragonesa Grupo B"]
[Site "Aragon"]
[Date "2017.02.04"]
[Round "2.63"]
[White "Galvez Perez, Jose Luis"]
[Black "Santos Morales, Julio Cesar"]
[Result "1/2-1/2"]
[WhiteElo "1931"]
[BlackElo "1855"]
[PlyCount "102"]
[EventDate "2017.01.28"]
[WhiteTeam "Caissa-Hnos Cortes"]
[BlackTeam "Marcos Frechin B"]

1. Nf3 d5 2. e4 dxe4 3. Ng5 e5 4. Nxe4 Nf6 5. Nbc3 Be7 6. Bc4 Nc6 7. O-O Nxe4
8. Nxe4 Bf5 9. d3 O-O 10. Be3 Na5 11. Bb3 Nxb3 12. axb3 a6 13. Qf3 Bg6 14. Nc5
b6 15. Ne4 Qd7 16. Nc3 Rfd8 17. Ra4 a5 18. Rfa1 Rab8 19. h4 Qf5 20. Qc6 Qd7 21.
Qf3 Qf5 22. Qc6 Qd7 23. Rc4 Qxc6 24. Rxc6 Rd7 25. Nb5 Bd8 26. Ra4 f6 27. b4
axb4 28. b3 Rb7 29. Ra8 Kf8 30. Nxc7 Rdxc7 31. Rxd8+ Ke7 32. Rdd6 Rxc6 33. Rxc6
Kd7 34. Rxb6 Rxb6 35. Bxb6 e4 36. Bc5 exd3 37. cxd3 Bxd3 38. Bxb4 Bc2 39. Bf8
Bxb3 40. Bxg7 Ke6 41. Kh2 Kf5 42. Kg3 h5 43. Bf8 Bd5 44. Be7 Bc6 45. Bd8 Bd5
46. f3 Bc6 47. Kf2 Bb7 48. Ke3 Bc6 49. Kd4 Kg6 50. Kc5 Ba8 51. Kd6 f5 1/2-1/2

[Event "Preferente Aragonesa Grupo B"]
[Site "Aragon"]
[Date "2017.02.04"]
[Round "2.64"]
[White "Obon Zuniga, Francisco"]
[Black "Garcia Lopez, Alberto Jose"]
[Result "1-0"]
[WhiteElo "1782"]
[BlackElo "1902"]
[PlyCount "43"]
[EventDate "2017.01.28"]
[WhiteTeam "Marcos Frechin B"]
[BlackTeam "Caissa-Hnos Cortes"]

1. d4 Nf6 2. c4 g6 3. Nc3 Bg7 4. e4 d6 5. f3 c6 6. Be3 O-O 7. Qd2 e5 8. d5 cxd5
9. cxd5 b6 10. O-O-O Ba6 11. Kb1 Bxf1 12. Rxf1 Na6 13. Nge2 Qe7 14. Bh6 Rab8
15. h4 b5 16. h5 b4 17. Nd1 Rfc8 18. Bxg7 Kxg7 19. hxg6 fxg6 20. Ne3 Nc5 21.
Ng3 a5 $4 22. Ngf5+ 1-0

[Event "Preferente Aragonesa Grupo B"]
[Site "Aragon"]
[Date "2017.02.04"]
[Round "2.65"]
[White "Climente Martinez, Jose Luis"]
[Black "Sanchez Herrera, Miguel"]
[Result "1/2-1/2"]
[WhiteElo "2056"]
[BlackElo "2124"]
[PlyCount "153"]
[EventDate "2017.01.28"]
[WhiteTeam "Sabiñanigo"]
[BlackTeam "St. Casablanca D"]

1. d4 d5 2. Nf3 Nf6 3. c4 e6 4. Nc3 Be7 5. Bf4 O-O 6. e3 a6 7. Ne5 c5 8. cxd5
exd5 9. dxc5 Bxc5 10. Bg5 d4 11. exd4 Bxd4 12. Nf3 Bxc3+ 13. bxc3 Qxd1+ 14.
Rxd1 Ne4 15. Bc4 Bg4 16. Be7 Nxc3 17. Rd3 Re8 18. Ne5 Bh5 19. g4 Nc6 20. Nxc6
bxc6 21. gxh5 Rxe7+ 22. Kf1 Ne4 23. h6 g6 24. h4 Kf8 25. h5 g5 26. Rg1 Re5 27.
f3 Rf5 28. Kg2 Nc5 29. Rd6 Rc8 30. Rgd1 Ke7 31. R6d2 a5 32. Bd3 Nxd3 33. Rxd3
Re5 34. Rd7+ Ke8 35. Ra7 Rd8 36. Rxd8+ Kxd8 37. Rxf7 Re7 38. Rg7 a4 39. Rxg5
Re2+ 40. Kg3 Rxa2 41. Rg8+ Ke7 42. Rg7+ Kf8 43. Rxh7 Kg8 44. Rg7+ Kh8 45. Kf4
a3 46. Ra7 c5 47. h7 Ra1 48. Kg5 Rb1 49. Rxa3 Kxh7 50. Ra7+ Kh8 51. Rc7 Rc1 52.
f4 c4 53. Kg6 Rg1+ 54. Kh6 Kg8 55. Rxc4 Kf7 56. Rc7+ Kf6 57. Rc5 Rg4 58. Rc6+
Kf7 59. f5 Rg1 60. Rg6 Rf1 61. Kg5 Rg1+ 62. Kf4 Rf1+ 63. Ke4 Re1+ 64. Kf4 Rf1+
65. Ke5 Re1+ 66. Kd5 Rf1 67. Ke4 Re1+ 68. Kf3 Rf1+ 69. Kg4 Rg1+ 70. Kh4 Rh1+
71. Kg5 Rg1+ 72. Kh6 Rf1 73. Rg7+ Kf6 74. Rg8 Kf7 75. Rg7+ Kf6 76. Rg6+ Kf7 77.
Rg5 1/2-1/2

[Event "Preferente Aragonesa Grupo B"]
[Site "Aragon"]
[Date "2017.02.04"]
[Round "2.66"]
[White "Cebollada Pacheco, Jesus Raul"]
[Black "Ainsa Claver, Ignacio"]
[Result "1-0"]
[WhiteElo "2061"]
[BlackElo "1956"]
[PlyCount "77"]
[EventDate "2017.01.28"]
[WhiteTeam "St. Casablanca D"]
[BlackTeam "Sabiñanigo"]

1. e4 e6 2. d4 d5 3. Nd2 c5 4. Ngf3 Nf6 5. exd5 exd5 6. Bb5+ Bd7 7. Qe2+ Qe7 8.
Qxe7+ Bxe7 9. Bxd7+ Nbxd7 10. dxc5 Nxc5 11. Nb3 Nxb3 12. axb3 O-O 13. O-O Bc5
14. Bf4 Rfe8 15. Be5 Ne4 16. Rad1 Rad8 17. Bd4 b6 18. Rfe1 Kf8 19. Kf1 Bxd4 20.
Nxd4 Rd7 21. f3 Nf6 22. Rxe8+ Kxe8 23. b4 a6 24. Ra1 Rb7 25. Rxa6 Kd7 26. Ke2
g6 27. Kd3 Ne8 28. b3 Nc7 29. Ra1 Ne6 30. g3 Rc7 31. c4 Nxd4 32. Kxd4 dxc4 33.
bxc4 Kd6 34. Ra6 Kc6 35. c5 Rb7 36. h4 Kb5 37. Rxb6+ Rxb6 38. cxb6 Kxb6 39. g4
1-0

[Event "Preferente Aragonesa Grupo B"]
[Site "Aragon"]
[Date "2017.02.04"]
[Round "2.67"]
[White "Avellanas Tomas, Jose"]
[Black "Garcia Andres, Daniel"]
[Result "0-1"]
[WhiteElo "1955"]
[BlackElo "2007"]
[PlyCount "70"]
[EventDate "2017.01.28"]
[WhiteTeam "Sabiñanigo"]
[BlackTeam "St. Casablanca D"]

1. Nf3 Nf6 2. b3 d6 3. d4 g6 4. Bb2 Bg7 5. g3 O-O 6. Nbd2 d5 7. Bg2 Nbd7 8. c4
c6 9. O-O Re8 10. Qc2 e5 11. Nxe5 Nxe5 12. dxe5 Ng4 13. Rad1 Nxe5 14. e4 d4 15.
c5 b6 16. Nc4 Ba6 17. cxb6 Nxc4 18. b7 Rb8 19. bxc4 c5 20. Qa4 Re6 21. Ba3 Qc7
22. Rb1 Bxb7 23. Qxa7 Bf8 24. e5 Ra6 25. Rxb7 Rxa7 26. Rxc7 Rxc7 27. Bc1 Ra7
28. Bf4 Rxa2 29. e6 Re8 30. exf7+ Kxf7 31. Bd5+ Kf6 32. Rb1 g5 33. Rb6+ Kf5 34.
Bc7 d3 35. Bf3 g4 0-1

[Event "Preferente Aragonesa Grupo B"]
[Site "Aragon"]
[Date "2017.02.04"]
[Round "2.68"]
[White "Abad Vinas, Jesus Manuel"]
[Black "Escartin Buisan, Francisco Jav"]
[Result "1-0"]
[WhiteElo "1760"]
[BlackElo "1815"]
[PlyCount "81"]
[EventDate "2017.01.28"]
[WhiteTeam "St. Casablanca D"]
[BlackTeam "Sabiñanigo"]

1. c4 c5 2. Nc3 g6 3. g3 Bg7 4. Bg2 Nc6 5. Nf3 e6 6. O-O Nge7 7. Ne4 d6 8. d3
O-O 9. Rb1 h6 10. Bd2 f5 11. Nc3 Kh7 12. a3 Rb8 13. b4 b6 14. Qc1 Bb7 15. Re1
Qd7 16. h3 Nd4 17. Nxd4 cxd4 18. Nd1 Bxg2 19. Kxg2 Rbc8 20. Qb2 Rfe8 21. f3 d5
22. Qb3 dxc4 23. dxc4 e5 24. Nf2 Ng8 25. e3 e4 26. fxe4 fxe4 27. Rf1 d3 28. Bc3
Nf6 29. Bxf6 Bxf6 30. Ng4 Bg7 31. c5 Re7 32. Nf6+ Bxf6 33. Rxf6 bxc5 34. bxc5
Rxc5 35. Rbf1 Rc2+ 36. Kg1 Rc7 37. Rf8 Qe6 38. Qb8 Kg7 39. Qb2+ Qe5 40. R8f7+
Kg8 41. Qxe5 1-0

[Event "Preferente Aragonesa Grupo B"]
[Site "Aragon"]
[Date "2017.02.04"]
[Round "2.69"]
[White "Colom Sienes, Eduardo"]
[Black "Fernandez Rubio, Rafael"]
[Result "1-0"]
[WhiteElo "2061"]
[BlackElo "2079"]
[PlyCount "101"]
[EventDate "2017.01.28"]
[WhiteTeam "Palacio de Pioneros B"]
[BlackTeam "Tauste"]

1. e4 g6 2. d4 Bg7 3. Nc3 d6 4. Be2 Nd7 5. h4 h6 6. h5 g5 7. f4 gxf4 8. Bxf4 e5
9. dxe5 Nxe5 10. Nf3 Ne7 11. Qd2 N7c6 12. O-O-O Be6 13. Nd4 Nd3+ 14. Bxd3 Nxd4
15. g4 Qd7 16. g5 hxg5 17. h6 Bxh6 18. Qe3 Nc6 19. Bxg5 Bg7 20. Rxh8+ Bxh8 21.
Rh1 Be5 22. Nd5 Ne7 23. Bf6 Ng6 24. Qh6 Qc6 25. Bb5 Qxb5 26. Nxc7+ Kd7 27. Nxb5
Bf4+ 28. Qxf4 Nxf4 29. Rd1 d5 30. exd5 Nxd5 31. c4 Rc8 32. b3 Rc5 33. Nc3 Kc6
34. Nxd5 Bxd5 35. Rxd5 Rxd5 36. cxd5+ Kxd5 37. Kc2 Kc5 38. Kc3 a6 39. a4 Kc6
40. b4 b5 41. a5 Kd5 42. Be7 f5 43. Kd3 Ke5 44. Ke3 Ke6 45. Bc5 Ke5 46. Kf3 Ke6
47. Kf4 Kf6 48. Bd4+ Ke6 49. Be5 Kd5 50. Kxf5 Kc4 51. Bd6 1-0

[Event "Preferente Aragonesa Grupo B"]
[Site "Aragon"]
[Date "2017.02.04"]
[Round "2.70"]
[White "Sancho Casale, Jesus"]
[Black "Gomez Salinas, Nestor"]
[Result "1-0"]
[WhiteElo "1981"]
[BlackElo "1951"]
[PlyCount "81"]
[EventDate "2017.01.28"]
[WhiteTeam "Tauste"]
[BlackTeam "Palacio de Pioneros B"]

1. Nf3 Nf6 2. c4 g6 3. b4 Bg7 4. Bb2 c6 5. g3 Qb6 6. a3 a5 7. Bd4 Qc7 8. b5 c5
9. Bb2 O-O 10. Bg2 b6 11. O-O Bb7 12. d3 d6 13. Re1 Nbd7 14. Qc2 Rac8 15. Nc3
Rfe8 16. e4 e5 17. Bh3 Rcd8 18. Bc1 h6 19. Nh4 Nf8 20. f4 Qe7 21. Qe2 Bc8 22.
Bxc8 Rxc8 23. Be3 exf4 24. Bxf4 Nh5 25. Nd5 Qd8 26. Bd2 Bxa1 27. Rxa1 Nf6 28.
Ne3 Ne6 29. Rf1 Ng5 30. Bc3 Nd7 31. Nd5 Re6 32. Ng2 Nh3+ 33. Kh1 Ne5 34. Ngf4
Nxf4 35. gxf4 Nd7 36. Qg4 Kh7 37. f5 Re5 38. fxg6+ Kh8 39. Rxf7 Kg8 40. Bxe5
Nxe5 41. Nf6+ 1-0

[Event "Preferente Aragonesa Grupo B"]
[Site "Aragon"]
[Date "2017.02.04"]
[Round "2.71"]
[White "Iglesias Fernandez, Luis"]
[Black "San Lazaro Lorente, David"]
[Result "1/2-1/2"]
[WhiteElo "1861"]
[BlackElo "1829"]
[PlyCount "88"]
[EventDate "2017.01.28"]
[WhiteTeam "Palacio de Pioneros B"]
[BlackTeam "Tauste"]

1. d4 d5 2. Bf4 Nf6 3. e3 Bf5 4. c4 c6 5. Qb3 Qb6 6. c5 Qxb3 7. axb3 Nbd7 8.
Nf3 Nh5 9. Bg3 Nxg3 10. hxg3 e5 11. Nc3 exd4 12. exd4 a6 13. Kd2 Be7 14. Bd3
Bxd3 15. Kxd3 f5 16. Rae1 Kf7 17. Ne5+ Nxe5+ 18. Rxe5 g6 19. Ne2 Bf6 20. Re3
Rae8 21. Rxe8 Kxe8 22. Kc3 Kf7 23. Nf4 Bd8 24. Nd3 Bc7 25. f4 Ba5+ 26. b4 Bc7
27. b3 h5 28. Re1 Re8 29. Rxe8 Kxe8 30. Ne1 Kf7 31. Nf3 Kf6 32. Kd3 Bb8 33. Ke2
Bc7 34. Kf2 Bd8 35. Ne1 Ke6 36. Nd3 Bf6 37. Ke3 Bg7 38. Ne1 Bf6 39. Nf3 Ke7 40.
Kd3 Ke6 41. Ng5+ Ke7 42. Nh7 Bg7 43. Ng5 Bf6 44. Nf3 Kf7 1/2-1/2

[Event "Division Honor Aragonesa Grupo A "]
[Site "Aragon"]
[Date "2017.02.11"]
[Round "3.1"]
[White "Moreno Gracia, Daniel"]
[Black "Llanes Luno, Ricardo"]
[Result "1-0"]
[WhiteElo "2318"]
[BlackElo "2156"]
[PlyCount "111"]
[EventDate "2017.01.28"]
[WhiteTeam "L'Aurora Estadilla"]
[BlackTeam "Delicias"]

1. Nf3 d5 2. d4 Nf6 3. e3 c6 4. c4 g6 5. Be2 Bg7 6. O-O O-O 7. Nc3 a6 8. a4 a5
9. Bd2 Ne4 10. Qb3 dxc4 11. Bxc4 Nxd2 12. Nxd2 Na6 13. Nde4 Nb4 14. Rac1 Bf5
15. Rfd1 Bxe4 16. Nxe4 e6 17. Nc5 Qe7 18. f4 Rfd8 19. Be2 Rac8 20. Bf3 b6 21.
Nd3 Nxd3 22. Rxd3 c5 23. Qxb6 cxd4 24. Rcd1 e5 25. fxe5 Bxe5 26. exd4 Bc7 27.
Qb3 h5 28. g3 h4 29. Kg2 Qg5 30. Qb5 f5 31. Bc6 Kg7 32. d5 Rb8 33. Bb7 Bd6 34.
Qc6 hxg3 35. hxg3 Qe7 36. Qc3+ Be5 37. Re1 Bxc3 38. Rxe7+ Kf8 39. Re6 Bxb2 40.
Bc6 Kf7 41. Rde3 Bf6 42. d6 Rb2+ 43. Kf3 Rd2 44. Be8+ Kg7 45. d7 R8xd7 46. Bxd7
Rxd7 47. Ra6 Bd8 48. Ree6 g5 49. Red6 Rxd6 50. Rxd6 g4+ 51. Ke2 Be7 52. Rd5 Kf6
53. Rxa5 Bd6 54. Ra6 Ke7 55. Rxd6 Kxd6 56. Ke3 1-0

[Event "Division Honor Aragonesa Grupo A "]
[Site "Aragon"]
[Date "2017.02.11"]
[Round "3.2"]
[White "Roche Simon, Manuel Angel"]
[Black "Solano Lasierra, Javier"]
[Result "1-0"]
[WhiteElo "2170"]
[BlackElo "2171"]
[PlyCount "137"]
[EventDate "2017.01.28"]
[WhiteTeam "Delicias"]
[BlackTeam "L'Aurora Estadilla"]

1. e4 e6 2. d4 d5 3. Nd2 c5 4. Ngf3 Nc6 5. exd5 Qxd5 6. Bc4 Qd7 7. Nb3 cxd4 8.
Nbxd4 Nxd4 9. Qxd4 Qxd4 10. Nxd4 a6 11. Bf4 Nf6 12. O-O-O Be7 13. Rhe1 Bd7 14.
f3 O-O 15. g4 Rac8 16. Bb3 Rfd8 17. Kb1 Bc5 18. g5 Nh5 19. Bc1 Bxd4 20. Rxd4
Bc6 21. Rxd8+ Rxd8 22. Rf1 g6 23. Be3 Ng7 24. Kc1 Nf5 25. Bb6 Rd7 26. f4 Kf8
27. a3 Ke8 28. Bc4 Nd6 29. Bd3 Be4 30. Be2 Nf5 31. c4 Rd6 32. c5 Rd7 33. b4 Bc6
34. Bf3 Nd4 35. Bxc6 bxc6 36. Kb2 Ke7 37. a4 f5 38. Rf2 e5 39. fxe5 Ke6 40. h4
Kxe5 41. b5 cxb5 42. axb5 axb5 43. Rd2 Rd5 44. Bc7+ Ke4 45. Bd6 Ke3 46. Rd1 f4
47. Bxf4+ Kxf4 48. c6 Ke5 49. c7 Rc5 50. Rc1 Rxc7 51. Rxc7 Nf3 52. Rxh7 Kf4 53.
Rf7+ Kg4 54. Rxf3 Kxf3 55. h5 gxh5 56. g6 h4 57. g7 h3 58. g8=Q Kf2 59. Qf7+
Kg2 60. Qg6+ Kf2 61. Qf5+ Kg2 62. Qg5+ Kf2 63. Qh4+ Kg2 64. Qg4+ Kh2 65. Kc2 b4
66. Kd2 b3 67. Ke2 b2 68. Kf2 b1=Q 69. Qg3+ 1-0

[Event "Division Honor Aragonesa Grupo A "]
[Site "Aragon"]
[Date "2017.02.11"]
[Round "3.3"]
[White "Cid Royo, Oscar"]
[Black "Neila Castillo, Miguel Angel"]
[Result "0-1"]
[WhiteElo "2044"]
[BlackElo "2115"]
[PlyCount "88"]
[EventDate "2017.01.28"]
[WhiteTeam "L'Aurora Estadilla"]
[BlackTeam "Delicias"]

1. d4 Nf6 2. Nf3 e6 3. g3 b6 4. Bg2 Bb7 5. O-O d5 6. b3 Ne4 7. Bb2 Nd7 8. Nbd2
f5 9. c4 Be7 10. Rc1 O-O 11. Ne5 Nxe5 12. dxe5 c5 13. cxd5 exd5 14. f3 Ng5 15.
f4 Ne4 16. Nxe4 fxe4 17. e3 Qe8 18. Rf2 Qg6 19. Rd2 Rfd8 20. Bh3 a5 21. Qg4
Qxg4 22. Bxg4 Kf7 23. Kf2 a4 24. Be2 axb3 25. axb3 g6 26. Rcd1 h5 27. h3 Ra2
28. g4 hxg4 29. hxg4 Bh4+ 30. Kg2 Ke6 31. g5 d4 32. Kh3 Rh8 33. Bg4+ Kd5 34.
Kg2 Ba6 35. exd4 Rxb2 36. Rxb2 cxd4 37. Ra1 Bb5 38. Ra7 d3 39. Bd7 Bxd7 40.
Rxd7+ Ke6 41. Rd6+ Kf5 42. Rf6+ Kg4 43. Rxg6 e3 44. Rh6 e2 0-1